000 00267nam a22001217a 4500
008 170607b xxu||||| |||| 00| 0 eng d
041 _aeng
080 _a32
100 _a18
101 _aSHP
245 _aEU ERWEINTERUNGB POLITICHE
_cANTWORE,A
942 _2udc
_cBK
999 _c16346
_d16346